Normal view
MARC view
Entry Término temático
001 - NÚMERO DE CONTROL
- campo de control: 17695
003 - IDENTIFICADOR DEL NÚMERO DE CONTROL
- campo de control: FranzMayer
005 - FECHA Y HORA DE LA ÚLTIMA TRANSACCIÓN
- campo de control: 20190320205723.0
008 - DATOS DE LONGITUD FIJA
- campo de control de longitud fija: 190320|| aca||aabn | a|a d
040 ## - FUENTE DE LA CATALOGACIÓN
- Centro catalogador/agencia de origen: FranzMayer
- Centro/agencia transcriptor: FranzMayer
150 ## - ENCABEZAMIENTO--TÉRMINO DE MATERIA
- Término de materia o nombre geográfico como elemento de entrada: Canciones
670 ## - FUENTE DE DATOS ENCONTRADOS
- Cita de la fuente: Work cat.: (FranzMayer): Cruikshank, George 17694, Fairburn´s laughable songster, or, Heigh cockolorum jig, for 1807, being an excellent collection of laughable, whimsical, original, fashionable and favorite songs, now singing and lately sung at the theatres Royal, Sadler´s Wells, Vauxhall, &c. ..., [1807]